00934nam a2200193 a 450000100060000000300090000600800410001502000150005604000280007108200150009910000290011411000650014324500590020826000450026730000090031250503870032165000140070865000180072220491CO-ViMGA141112s2004 ck r 000 u spa d a847903758X aCO-ViMGAbspacCO-ViMGA04a617.3 M1581 aCáceres Palou, Enrique aSociedad española de cirugía ortopedica ytraumatología10aManual SECOT de cirugía ortopedica y traumatología aMadrid : bMedica panAméricana, c2003 a948p aLa ortesis en los peocesos del aparato locomotor 95 - - Osteonecrosis y osteocondrosis 217 - - Distrofias siniviales y tumores articulares 341 - - Miembro superior Malformaciones congenitas del miembro superior 451 - - Fracturas de los metacarpianos y de las falanges de la mano 569 - - Metatarsalgias 684 - - Fracturas de la tibia 811 - - Patología del disco intervertebral 927 14aORTOPEDIA14aTRAUMATOLOGIA